00937nam a22002537a 45000010005000000030006000050050017000110080041000280200018000690400029000870500016001160820010001321000028001422450101001702500045002712600009003163000051003255050008003765200197003845210024005815210020006056500024006257000034006496138FISKH20260106085632.0250318b cb ||||| |||| 00| 0 eng d a9780545500944 aFISKHbengcFISKHdFISKH a UH100 .P38 a355.4 aPatent, Dorothy Hinshaw aDogs on duty : bsoldiers best friend on the battlefield and beyond /cBy Dorothy Hinshaw Patent aFirst Scholastic printing , October 2012 c2012 a48 pages: bcolor illustrations ;c22*25 cm .  aZ  aDocuments the contributions of specially trained military dogs, profiling noteworthy canine heroes while covering such topics as how they are trained and what happens to them when they retire.8 a1190 bLexile NC 8 aZ bRaz-Plus  aNavy SealsvFiction aRoff, Regina eBook designer